01604cam a2200373 a 4500001001400000003000800014005001700022006001900039007001500058008004100073020003800114040003000152049002600182050002400208082001200232245007000244260002700314300003700341490003800378505011200416520030700528521001700835588004700852504004100899650002700940655002900967700001700996710001601013776003501029830003901064856009201103942001601195999001901211EDZ0000117317StDuBDS20161031105156.0m||||||||d||||||||cr |||||||||||130111s2007 enka fo| 000|0|eng d a9781446263082 (ebook) :cNo price aStDuBDSbengcStDuBDSepn aAlfaisal Main Library 0aJF1351b.P8213 200704a35122300aPublic governanceh[electronic resource] /cedited by Mark Bevir. aLondon :bSAGE,c2007. a1 online resource (4 v.) :bill.1 aSAGE library of political science0 av. 1. Theories of governance -- v. 2. Public sector reform -- v. 3. Public policy -- v. 4. Good governance.8 aPublic governance has become a major topic of concern for political and non-profit actors, as evidenced, for example, by its role in shaping the lending criteria of institutions such as the World Bank. This four-volume set collects the most significant and insightful articles into a single-volume set. aSpecialized. aDescription based on print version record. aIncludes bibliographical references. 0aPublic administration. 7aElectronic books.2local1 aBevir, Mark.2 aSage eBooks08iPrint version :z9781412921459 0aSAGE library of political science.40uhttp://ezproxy.alfaisal.edu/login?url=http://sk.sagepub.com/navigator/public-governance 2lcccEBOOKS c480999d480999